| 000 | 00570 a2200205 4500 | ||
|---|---|---|---|
| 005 | 20260401121546.0 | ||
| 008 | 260218b |||||||| |||| 00| 0 eng d | ||
| 020 |
_a9789360863869 _cरु 795.00 |
||
| 040 | _aMAIN | ||
| 082 |
_a891.433731 _bSA28P |
||
| 100 | _aसंजीव | ||
| 110 | _a | ||
| 245 | _aफाँस | ||
| 250 | _aLatest edition | ||
| 260 |
_bराजकमल _c2025 _aनई दिल्ली |
||
| 300 | _a280 | ||
| 650 | _aहिन्दी साहित्य | ||
| 651 | _aहिन्दी उपन्यास | ||
| 942 | _cHN | ||
| 999 |
_c393983 _d393983 |
||